| 000 | 04471cam a22006374i 4500 | ||
|---|---|---|---|
| 003 | PE-LiUPU | ||
| 005 | 20250731173050.0 | ||
| 008 | 170504t20172017gau rb 001 0 eng c | ||
| 020 | _a1628371862 | ||
| 020 | _a9781628371864 | ||
| 020 |
_z9780884142416 _q(ebook) |
||
| 035 | _a(Sirsi) i9781628371864 | ||
| 035 | _a(OCoLC)982090542 | ||
| 040 |
_aPUL _bspa _erda _cPUL _dBTCTA _dYDX _dOCLCF _dKPS _dKAT _dPTS _dAMH _dDLC _dOCLCO _dPE-LiUPU |
||
| 049 | _aPRUA | ||
| 050 | 0 | 0 |
_aBM535 _b.J576 2017 |
| 082 | 0 | 0 |
_a226.506 _bJ6 _223 |
| 245 | 0 | 0 |
_aJohn and Judaism : _ba contested relationship in context / _ceditedo por R. Alan Culpepper y Paul N. Anderson. |
| 264 | 1 |
_aAtlanta : _bSBL Press, _c[2017] |
|
| 300 |
_axix, 442 páginas; _c23 centímetros. |
||
| 336 |
_atext _2rdacontent |
||
| 337 |
_aunmediated _2rdamedia |
||
| 338 |
_avolume _2rdacarrier |
||
| 490 | 0 |
_aResources for biblical study ; _vnumber 87 |
|
| 504 | _aBibliografía : páginas 355-412. | ||
| 504 | _aÍndice : páginas 417-442. | ||
| 505 | 0 | 0 |
_gPreface / _rAlan Culpepper and Paul N. Anderson -- _gPart 1. Introduction. -- _tJohn and the Jews: recent research and future questions / _rTom Thatcher -- _tIs Jesus the king of Israel?: Reflections on Jewish nature of the Gospel of John / _rJan G. van der Watt -- _gPart 2. John as a source for understanding Judaism. -- _tThe Gospel of John as a source for first-century Judaism / _rCraig R. Koester -- _tJohn, Judaism, and "searching the scriptures" / _rCatrin H. Williams -- _tJohn, the Jews, and philosophy / _rHarold W. Attridge -- _gPart 3. Reappraising John's relationship to Judaism and Jewish Christianity. -- _tStory and history: John, Judaism, and the historical imagination / _rAdele Reinhartz -- _tJesus, [Aposynagogos], and modes of religiosity / _rJonathan Bernier -- _tEvidence of conflict with the synagogue in the Johannine writings / _rCraig A. Evans -- _tJohannine Christian and Baptist sectarians within lat first-century Judaism / _rJoel Marcus -- _tThe Shema in John's Gospel and Jewish restoration eschatology / _rLori Baron -- _tTensions in Matthean and Johannine soteriology viewed in their Jewish context / _rWilliam R.G. Loader -- _tMatthew and John: reflections of early Christianity in relation to Judaism / _rR. Alan Culpepper -- _tToward reconfiguring our views on the "parting of the ways": Ephesus as a test case / _rJörg Frey -- _gPart 4. Reading John as Jews and Christians. -- _tAnti-Judaism and the fourth Gospel fifteen years after the Leuven Colloquium / _rReimund Bieringer -- _tAnti-Semitism and religious violence as flawed interpretations of the Gospel of John / _rPaul N. Anderson -- _tSeed of Abraham, slavery, and sin: reproducing Johannine anti-Judaism in the modern commentaries on John 8:31-34 / _rRuth Sheridan -- _tThe place of John in Christian-Jewish relations fifty years after Nostra Aetate / _rNoam E. Marans -- _tAfterword: What have we learned? Where do we go from here? / _rR. Alan Culpepper. |
| 526 | _aSEG42 | ||
| 526 | _aSEG41 | ||
| 526 | _aSEG40 | ||
| 526 | _aSEG39 | ||
| 526 | _aP94 | ||
| 526 | _aP87 | ||
| 526 | _aP86 | ||
| 526 | _aP85 | ||
| 526 | _aP77 | ||
| 526 | _aP76 | ||
| 526 | _aP35 | ||
| 630 | 0 | 0 |
_aBible. _pJohn _xCriticism, interpretation, etc. |
| 630 | 0 | 0 |
_aBiblia. _pJuan _xCrítica, interpretación, etc. |
| 650 | 0 |
_aJudaism _xHistory _yPost-exilic period, 586 B.C.-210 A.D. |
|
| 650 | 0 |
_aJudaism _xRelations _xChristianity. |
|
| 650 | 0 |
_aJudaismo _xHistoria _yPeríodo post-exílico, 586 A.C.-210 D.C. _94000 |
|
| 650 | 0 |
_aJudaismo _xRelaciones _xCristianismo. |
|
| 700 | 1 |
_aAnderson, Paul N., _d1956- _eeditor. |
|
| 700 | 1 |
_aCulpepper, R. Alan, _eeditor. |
|
| 910 |
_adbm _bebj _cebj _d20180105 |
||
| 942 |
_2ddc _cBOOK |
||
| 949 |
_a226.506 J6 _wDEWEY _c1 _i77876 _lCATALOGING _mBUL _p45.00 _r0 _sY _tBOOK _u2018-01-05 _xPOSGRADO _PP85 _0DONACION _o.STAFF. Colección Teología. |
||
| 949 |
_a226.506 J6 _wDEWEY _c2 _i77877 _lCATALOGING _mBUL _p45.00 _r0 _sY _tBOOK _u2018-01-05 _xPOSGRADO _PP85 _0DONACION _o.STAFF. Colección Teología. |
||
| 994 |
_aC0 _bPEPRU |
||
| 596 | _a1 | ||
| 999 |
_a226.506 J6 _wDEWEY _c26571 _i77876 _d26571 _f2021-11-9 _g4 _lCCODEBUL1 _mBUL _p45.00 _q1 _r0 _sY _tBOOK _u2018-1-5 _xTEOLOGIA _PP85 _0COMPRA _o.STAFF. Colección Teología. |
||
| 999 |
_a226.506 J6 _wDEWEY _c2 _i77877 _f2021-11-9 _g4 _lCCODEBUL1 _mBUL _p45.00 _r0 _sY _tBOOK _u2018-1-5 _xTEOLOGIA _PP85 _0COMPRA _o.STAFF. Colección Teología. |
||
| 980 |
_81 _gALBERTO SANCHEZ Responsable de Automatización |
||